| Tag |
First Indicator |
Second Indicator |
Subfields |
| LEADER |
00000pam a2200000 a 4500 |
| 001 |
in00000084524 |
| 005 |
20151008061425.0 |
| 008 |
800718s1981 wauab b 00110 engm |
| 010 |
|
|
|a 80023828
|
| 020 |
|
|
|a 0875645364 :
|c $17.95
|
| 035 |
|
|
|a (OCoLC)06579722
|
| 035 |
|
|
|9 AAJ8029AM
|
| 040 |
|
|
|a DLC
|c DLC
|d m.c.
|d TXA
|d UtOrBLW
|
| 043 |
|
|
|a n-us-ak
|a n-cn-yk
|
| 049 |
|
|
|a TXAM
|c [933385]
|
| 050 |
0 |
0 |
|a HE2771.A4
|b C54 1981
|
| 082 |
0 |
|
|a 385/.09798
|2 19
|
| 100 |
1 |
|
|a Clifford, Howard.
|
| 245 |
1 |
0 |
|a Rails north :
|b the railroads of Alaska and the Yukon /
|c by Howard Clifford.
|
| 250 |
|
|
|a 1st ed.
|
| 264 |
|
1 |
|a Seattle, WA :
|b Superior Pub. Co.,
|c [1981]
|
| 264 |
|
4 |
|c ©1981
|
| 300 |
|
|
|a 200 pages :
|b illustrations, map ;
|c 28 cm.
|
| 336 |
|
|
|a text
|b txt
|2 rdacontent
|
| 337 |
|
|
|a unmediated
|b n
|2 rdamedia
|
| 338 |
|
|
|a volume
|b nc
|2 rdacarrier
|
| 500 |
|
|
|a Includes index.
|
| 504 |
|
|
|a Bibliography: pages 187-191.
|
| 650 |
|
0 |
|a Railroads
|z Alaska
|x History.
|
| 650 |
|
0 |
|a Railroads
|z Yukon
|x History.
|
| 999 |
|
|
|a MARS
|
| 999 |
f |
f |
|s b8b96cf3-e37f-353c-8d94-5b95b8350a93
|i e129084e-a278-3261-b11c-93b5bc5b14f4
|t 0
|
| 952 |
f |
f |
|p ric
|a Texas A&M University
|b Rellis Campus
|c Joint Library Facility
|d Remote Storage
|t 0
|e HE2771.A4 C54 1981
|h Library of Congress classification
|i unmediated -- volume
|m A14806132991
|
| 998 |
f |
f |
|a HE2771.A4 C54 1981
|t 0
|l Remote Storage
|